|
|
|
|
| LEADER |
00000csc a2200000 a 4500 |
| 001 |
27932-4 |
| 005 |
20230308215011.0 |
| 008 |
005112|2004 ||||||||r|||||||||||spa|| |
| 020 |
|
|
|a 9701056582
|
| 040 |
|
|
|b spa
|
| 041 |
1 |
|
|a spa
|
| 082 |
0 |
|
|a 618
|
| 245 |
|
|
|a Endocrinologia del embarazo
|c Aydin Arici y Joshua A. Copel directores; Félix García Roig traductor
|h imp
|n 4/4
|
| 264 |
|
|
|a México
|b McGraw-Hill Interamericana
|c 2004
|
| 300 |
|
|
|a XIV, pp 689-932
|b ilu
|
| 300 |
|
|
|c 22x16 cm
|
| 310 |
|
|
|a Trimestral
|
| 490 |
|
|
|a Clínicas de ginecología y obstetricia de Norteamérica
|v volumen 4
|
| 504 |
|
|
|a incl. ref.
|
| 650 |
1 |
|
|a Endocrinologia
|9 15366
|
| 650 |
1 |
|
|a Embarazo
|9 4413
|
| 650 |
1 |
|
|a Ginecologia
|
| 650 |
1 |
|
|a Obstetricia
|9 81569
|
| 700 |
|
|
|a Arici, Aydin
|e director
|9 301062
|
| 700 |
|
|
|a Copel, Joshua A
|e director
|9 301187
|
| 700 |
|
|
|a García Roig, Félix
|e traducción
|9 84429
|
| 773 |
|
|
|t Temas actuales
|
| 852 |
|
|
|a UC-SALUD
|c ESTANTERIA ABIERTA
|f Compra
|k rosa.mendez
|l 1
|m General
|p 20051122/20130129
|q $ 47
|t 27932-4
|b 0
|d CDRS
|e CDRS
|g 618 ESTANTERIA ABIERTA
|z 2005-51-12
|
| 942 |
|
|
|
| 999 |
|
|
|c 129511
|d 129511
|